2012 National Drug Control Policy

Gespeichert in:  
Bibliographische Detailangaben
Körperschaft: White House Office of National Drug Control Policy. VerfasserIn (Verfasst von)
Medienart: Elektronisch Buch
Sprache:Englisch
Veröffentlicht: White House Office of National Drug Control Policy 2013
In:Jahr: 2013
Online-Zugang: Volltext (lizenzpflichtig)
Verfügbarkeit prüfen: HBZ Gateway
Subito Bestelldienst: Jetzt bestellen.

MARC

LEADER 00000cam a22000002c 4500
001 1912446804
003 DE-627
005 20250121055003.0
007 cr uuu---uuuuu
008 241217s2013 xx |||||o 00| ||eng c
035 |a (DE-627)1912446804 
035 |a (DE-599)KXP1912446804 
040 |a DE-627  |b ger  |c DE-627  |e rda 
041 |a eng 
084 |a 2,1  |2 ssgn 
110 2 |a White House Office of National Drug Control Policy  |e VerfasserIn  |4 aut 
245 1 0 |a 2012 National Drug Control Policy 
264 1 |b White House Office of National Drug Control Policy  |c 2013 
300 |a Online-Ressource 
336 |a Text  |b txt  |2 rdacontent 
337 |a Computermedien  |b c  |2 rdamedia 
338 |a Online-Ressource  |b cr  |2 rdacarrier 
856 4 0 |u http://www.whitehouse.gov/ondcp/2012-national-drug-control-strategy  |x Verlag  |z lizenzpflichtig  |3 Volltext  |7 1 
935 |a mkri 
951 |a BO 
ELC |a 1 
LOK |0 000 xxxxxcx a22 zn 4500 
LOK |0 001 4637412285 
LOK |0 003 DE-627 
LOK |0 004 1912446804 
LOK |0 005 20241217044121 
LOK |0 008 241217||||||||||||||||ger||||||| 
LOK |0 035   |a (DE-2619)ICPSR110134 
LOK |0 040   |a DE-2619  |c DE-627  |d DE-2619 
LOK |0 092   |o n 
LOK |0 852   |a DE-2619 
LOK |0 852 1  |9 00 
LOK |0 935   |a nacp 
LOK |0 939   |a 17-12-24  |b l01 
ORI |a SA-MARC-krimdoka001.raw